00319nam a2200133Ia 4500003000400000008004100004020002500045040000800070245003800078250001300116260002800129300001500157365001300172LDD181029s9999 xx 000 0 und d a9781857434cP 480.00 cLDD 4aThe Europa world of learning 2007 a57th ed. aLondonbRoutledgec2006 aV.I A-M, V bP 480.00